| 000 | 00920 a2200253 4500 | ||
|---|---|---|---|
| 003 | Nust | ||
| 005 | 20230130140039.0 | ||
| 010 | _a 95053055 | ||
| 020 | _a0415131618 | ||
| 020 | _a0415131626 (pbk.) | ||
| 040 | _cNust | ||
| 082 | 0 | 0 |
_a909.8092,PAL _aB |
| 100 | 1 |
_aPalmer, Alan Warwick. _9108079 |
|
| 245 | 1 | 0 |
_aWho's who in world politics : _bfrom 1860 to the present day / _cAlan Palmer. |
| 260 |
_aLondon ; _aNew York : _bRoutledge, _c1996. |
||
| 300 |
_ax, 363 p. ; _c24 cm. |
||
| 505 | _aWho is Who in World Politics (Page-1). | ||
| 650 | 0 |
_aHeads of state _xBiography _xDictionaries. _9108080 |
|
| 650 | 0 |
_aHistory, Modern _y19th century _xDictionaries. _9108081 |
|
| 650 | 0 |
_aHistory, Modern _y20th century _xDictionaries. _9108082 |
|
| 650 | 0 |
_aPoliticians _xBiography _xDictionaries. _9108083 |
|
| 856 | 4 | 2 |
_3Publisher description _uhttp://www.loc.gov/catdir/enhancements/fy0649/95053055-d.html |
| 942 |
_2ddc _cBK |
||
| 999 |
_c186239 _d186239 |
||